| 000 | 00702cam a2200241 i 4500 | ||
|---|---|---|---|
| 008 | |||
| 020 | _a0198595158 (pbk. ) | ||
| 049 | _aMAIN | ||
| 090 |
_aTH153 _bFUL |
||
| 100 | 1 | _aFullerton, R.L. | |
| 245 | 1 | 0 |
_aBuilding construction in warm climates _nvol. 2 / _cR.L. Fullerton. |
| 250 | _a2nd ed. | ||
| 260 |
_aOxford : _bOxford University Press, _c1978. |
||
| 300 |
_avii, 220 p. : _bill. ; _c20 cm. |
||
| 504 | _alncludes bibliographical references. | ||
| 500 | _aIncludes index. | ||
| 650 | 0 |
_aBuilding _xTropics. |
|
| 907 |
_a.b10330331 _b22-05-13 _c08-05-13 |
||
| 003 | |||
| 005 | 20230123122008.0 | ||
| 040 | _cNUST | ||
| 942 |
_cBOOKS _kTH153 _mFUL |
||
| 999 |
_c125990 _d125990 |
||